Normale Ansicht MARC-Ansicht ISBD

Child, nation, race and empire : (Titelsatznr. 22255)

[ MARC ]
MARC-Details
000 -Satzkennung
Kontrollfeld mit fester Länge 00900nam a22003251c 4500
001 - Kontrollnummer
Kontrollfeld ht016437995
008 - Feld mit fester Länge zur physischen Beschreibung - Allgemeine Angaben
Kontrollfeld mit fester Länge 111118s2010 gw a||| 000u eng d
020 ## - Internationale Standardbuchnummer
Internationale Standardbuchnummer 9780719078
Verknüpfung 978-0-7190-78
041 ## - Sprachcode
Sprachcode des Textes/der Tonspur oder des separaten Titels eng
040 ## - Katalogisierungsquelle
Übertragungsstelle RU-10907106
003 - Kontrollnummer Identifier
Kontrollfeld RU-10907106
100 1# - Haupteintragung - Personenname
Personenname Swain, Shurlee
245 00 - Titel
Titel Child, nation, race and empire :
Zusatz zum Titel child rescue discourse, England, Canada and Australia, 1850-1915
264 ## - Produktion, Veröffentlichung, Distribution, Herstellung und Urheberrechtsvermerk
Herstellungs-, Veröffentlichungs- Vertriebs-, Erzeugungsort Manchester [u.a.] :
Produzent, Herausgeber, Distributor, Hersteller Manchester Univ. Press,
Datum der Herstellung, der Veröffentlichung, des Vertriebs oder des Urheberschutzvermerks 2010
300 ## - Physische Beschreibung
Umfang XII, 196 S. : Ill
490 #0 - Gesamttitelangabe
Gesamttitelangabe Studies in imperialism
600 #0 - Nebeneintragung unter einem Schlagwort - Personenname
Personenname Gordon, Charles
650 #0 - Nebeneintragung unter einem Schlagwort - Sachschlagwort
Sachschlagwort oder geografischer Name als Eintragungselement Sozialpolitik
650 #0 - Nebeneintragung unter einem Schlagwort - Sachschlagwort
Sachschlagwort oder geografischer Name als Eintragungselement Gesellschaft
650 #0 - Nebeneintragung unter einem Schlagwort - Sachschlagwort
Sachschlagwort oder geografischer Name als Eintragungselement Wohltätigkeit
650 #0 - Nebeneintragung unter einem Schlagwort - Sachschlagwort
Sachschlagwort oder geografischer Name als Eintragungselement Jugend
650 #0 - Nebeneintragung unter einem Schlagwort - Sachschlagwort
Sachschlagwort oder geografischer Name als Eintragungselement Pädagogik
650 #0 - Nebeneintragung unter einem Schlagwort - Sachschlagwort
Sachschlagwort oder geografischer Name als Eintragungselement Nation
650 #0 - Nebeneintragung unter einem Schlagwort - Sachschlagwort
Sachschlagwort oder geografischer Name als Eintragungselement Rasse
650 #0 - Nebeneintragung unter einem Schlagwort - Sachschlagwort
Sachschlagwort oder geografischer Name als Eintragungselement Kolonialismus
651 #0 - Nebeneintragung unter einem Schlagwort - Geografischer Name
Geografischer Name England
651 #0 - Nebeneintragung unter einem Schlagwort - Geografischer Name
Geografischer Name Britisches Empire
700 1# - Nebeneintragung - Personenname
Personenname Hillel, Margot
Funktionsbezeichnung VerfasserIn
942 ## - Zusätzliche Felder (Koha)
Koha-Medientyp Monographien
Exemplare
Ausgeschieden Verloren Klassifikation oder Aufstellungssystematik Beschädigt Nicht entleihbar Heimatbibliothek Aufenthaltsbibliothek Aufstellungsort Erwerbungsdatum Inventarnummer Signatur Barcode Letzte Aktivität Preis gültig von Koha-Medientyp
    Andere/Generische Klassifikation     MWN Osteuropa MWN Osteuropa Lesesaal - 1 18/11/2011 12-01575 W 54 D d Swa E004015078F6B7E8 22/02/2021 22/03/2021 Monographien